In Causa Appelata Decimali ex Usu Emerici Palugay de Kis Palugya, qua tamen Privilegiati Oppidi Németh Liptse, Parochi.- contra Jndicem et Magistratum, per eosque totam dicti Oppidi Communitatem.- coram Vice - Comite Comitatus Liptoviensis mota, terminata, per Sedriam ejusdem Comitatus revisa, abinde vero, in via gradualis Appelatae horsum deducta

Bibliographic Details
Corporate Author: Trattner-Károlyi-nyomda (Budapešť, Maďarsko) (Printer)
Format: Book
Language:Latin
PhysicalDescription:9 strán 34,5 cm
Subjects:

MARC

LEADER 00000nam a2200000 4500
001 vtls012285924
003 SK-MaSNL
005 20260301152542.0
008 251023s1838 hu a f 000 0 lat
015 |a SNBHFA 
040 |a SNKHF  |b slo  |c SNKHF  |e rda 
041 0 |a lat 
044 |a hu  |c HU 
072 7 |a 347.9  |x Občianske súdne konanie. Súdnictvo  |2 konspekt 
080 |a 347.91  |2 2011 
130 0 |a In Causa  |9 374166 
245 1 3 |a In Causa Appelata Decimali ex Usu Emerici Palugay de Kis Palugya, qua tamen Privilegiati Oppidi Németh Liptse, Parochi.- contra Jndicem et Magistratum, per eosque totam dicti Oppidi Communitatem.- coram Vice - Comite Comitatus Liptoviensis mota, terminata, per Sedriam ejusdem Comitatus revisa, abinde vero, in via gradualis Appelatae horsum deducta 
264 3 |a Pestini  |b Typis Trattner - Károlyianis  |c 1838 
300 |a 9 strán  |c 34,5 cm 
336 |a text  |b txt  |2 rdacontent 
337 |a bez média  |b n  |2 rdamedia 
338 |a zväzok  |b nc  |2 rdacarrier 
500 |a Ozdobné linky 
546 |a Latinský text  |b Antikva  |b Kurzíva 
562 |a Defektný exemplár: za stranou 6 priviazaná Sub C. Contra Oculata Partis I.  |5 SNK SA 854 
563 |a Väzba: previazaná v pevnom prebale.  |5 SNK SA 854 
650 0 7 |a súdne spory  |2 SNKPH  |9 59780 
710 2 |a Trattner-Károlyi-nyomda (Budapešť, Maďarsko)  |4 prt  |9 374163 
752 |a Maďarsko  |d Budapešť 
852 |a snk  |p SA 854 
958 |a ONDV 
958 |a DF 
999 |c 789513  |d 791443 
952 |t 1  |a SNK  |b SNK  |c SNK_KF  |y PREZ  |7 8  |p 17A0713946  |o snkSA 854  |i snkD 92/61  |8 1  |0 0  |1 0  |2 udc  |4 0  |d 2025-10-23  |l 0  |r 2026-02-24 01:32:00  |w 2026-02-24